Manual of practical entomology: Field and laboratory guide (Record no. 395049)

MARC details
000 -LEADER
fixed length control field 00539 a2200205 4500
005 - DATE & TIME
control field 20260204150208.0
008 - FIXED-LENGTH DATA ELEMENTS--GENERAL INFORMATION
fixed length control field 260204b |||||||| |||| 00| 0 eng d
020 ## - ISBN
International Standard Book Number 9788172339821
Price Rs. 1995.00
040 ## - CATALOGING SOURCE
Original cataloging agency VIVEKANANDA LIBRARY
082 ## - DDC NUMBER
Classification number 595.7072
Book Number T734M(3)
100 ## - MAIN ENTRY--PERSONAL NAME
Personal name Trigunayat, M M
245 ## - TITLE STATEMENT
Title Manual of practical entomology: Field and laboratory guide
250 ## - EDITION STATEMENT
Edition statement 3rd
260 ## - PUBLICATION, DISTRIBUTION, ETC. (IMPRINT)
Name of publisher, distributor, etc Scientific Publishers
Date of publication, distribution, etc 2024
Place of publication, distribution, etc New Delhi
300 ## - PHYSICAL DESCRIPTION
Pages 358
650 ## - Subject
Subject Zoology
650 ## - Subject
Subject Entomology
650 ## - Subject
Subject Anatomy
942 ## - ADDED ENTRY ELEMENTS (KOHA)
Koha item type Books
Holdings
Withdrawn status Lost status Source of classification or shelving scheme Damaged status Not for loan Location (home branch) Sublocation or collection (holding branch) Shelving location Date acquired Koha issues (times borrowed) Koha full call number Accession No. Koha date last seen Koha item type
    Dewey Decimal Classification     VIVEKANANDA LIBRARY VIVEKANANDA LIBRARY Vivekananda Library 06/01/2026   595.7072 T734M(3) 444106 06/01/2026 Books
© Designed and Maintained by Vivekananda Library, MDU Rohtak